000 003230000a22001570004500
003 MACL
040 _aMACL
090 _c33642
_d33640
100 _aAgrawal,P K
245 _aPhysics
260 _bKrishna prakashan Media
_c2002
350 _a260
650 _aPhysics
942 _cBOOK
_k530/Aga
951 _o530/Aga BOOK
999 _c33291
_d33291